| 000 -GUIDE |
| Champ de contrôle de longueur fixe |
01108nam a22002657a 4500 |
| 003 - IDENTITÉ DU NUMÉRO DE CONTRÔLE |
| Champ de contrôle |
BI-BuBU |
| 008 - ÉLÉMENTS DE LONGUEUR FIXE - RENSEIGNEMENTS GÉNÉRAUX |
| Champ de contrôle de longueur fixe |
120723t1987 xxc||||dr||||o000 0 bil d |
| 037 ## - SOURCE D'ACQUISITION |
| Source d'acquisition et du numéro d'inventaire |
don |
| 039 ## - NIVEAU DE CONTRÔLE BIBLIOGRAPHIQUE ET HISTORIQUE D'ENCODAGE [OBSOLETE] |
| Date creation |
20120723110638.0 |
| Nom catalographe |
Dieudonné Ndayishimiye |
| 040 ## - SOURCE DU CATALOGAGE |
| Organisme qui a effectué le catalogage original |
BI-BuBU |
| Code de la langue utilisée dans le catalogage |
fre |
| Organisme qui a effectué la transcription |
BI-BuBU |
| 041 0# - CODE DE LANGUE |
| Code de langue du texte/de la piste sonore ou du titre distinct |
fre |
| 041 0# - CODE DE LANGUE |
| Code de langue du texte/de la piste sonore ou du titre distinct |
eng |
| 080 ## - INDICE DE LA CLASSIFICATION DÉCIMALE UNIVERSELLE (CDU) |
| Indice de la Classification décimale universelle |
632.15 |
| 110 1# - VEDETTE PRINCIPALE - NOM DE COLLECTIVITÉ |
| Code de relation |
<a href="aut">aut</a> |
| Nom de la collectivité ou nom de lieu comme élément de classement |
Canada |
| Collectivité subordonnée |
Sécrétariat d'Etat:Department of the Secretary |
| Lieu de collectivité |
Canada |
| 9 (RLIN) |
58114 |
| 245 10 - MENTION DU TITRE |
| Titre |
Réseau international de néologie et de terminologie |
| Reste du titre |
Vocabulaire des pluies acides et de la pollution |
| Mention de responsabilité, etc. |
Secrétariat d'Etat au Canada=Department of the secretaryof State of Canad |
| 246 ## - VARIANTE DU TITRE |
| Titre propre/titre abrégé |
vocabulary of acide rain and air pullution |
| 260 ## - PUBLICATION, DIFFUSION, ETC. (ADRESSE BIBLIOGRAPHIQUE) |
| Lieu de publication, diffusion, etc. |
Canada |
| Nom de l'éditeur, diffuseur, etc. |
Secrétariat d'Etat au Canada=Department of the Secretary of Canada |
| Date of publication, distribution, etc |
1987 |
| 300 ## - DESCRIPTION MATÉRIELLE |
| Collation |
XVI-247p. |
| Dimensions |
22 cm. |
| 504 ## - NOTE DE BIBLIOGRAPHIE ET INDEX. |
| Note de bibliographie et index. |
Bibliogr. |
| 650 17 - VEDETTE-MATIÈRE - NOM COMMUN |
| Source du terme |
BI-BuBU |
| Vedette de sujet ou vedette comportant un nom géographique |
Pluie acide |
| Subdivision de forme |
|
| Subdivision générale |
Vocabulaire |
| 9 (RLIN) |
58115 |
| 650 17 - VEDETTE-MATIÈRE - NOM COMMUN |
| Source du terme |
BI-BuBU |
| Vedette de sujet ou vedette comportant un nom géographique |
Pollution atmosphérique |
| Subdivision générale |
Vocabulaire |
| 9 (RLIN) |
58116 |
| 942 ## - ÉLÉMENTS D'ENTRÉE ADDITIONNELLE (KOHA) |
| Source de la classification ou du système de rangement |
|
| Type d item koha |
BOOK |